00709nam a2200229Ia 4500003000400000005001700004008004100021020002200062040000700084041000800091082001600099100002900115245004200144260003300186300001200219365001300231650002100244906004900265942001200314999001900326952013400345OSt20230608090623.0210423s2012 xx 000 0 und d a978-93-80752-69-3 cAL aeng a001.42 CHAR aCHAUHAN (Rajeev)9122001 aResearch methodology: an introduction aNew DelhibKunal Booksc2012 a312bPB b950cINR aResearch9122002 aan ; introduction. ; methodology: ; Research 2ddccBK c176268d176268 001040708MSWaSACPGbSACPGd2013-12-27eKnowledge Worldg950.00l0o001.42 CHARpPG022972r2022-08-24 00:00:00w2021-04-26yBK